[Event "CZE-ch Amateurs"]
[Site "Hluk"]
[Date "2025.05.10"]
[Round "8"]
[White "Stara, Zuzana"]
[Black "Cap, Adam"]
[Result "0-1"]
[WhiteElo "2026"]
[BlackElo "2199"]
[PlyCount "90"]
[EventDate "2025.05.06"]
[EventType "swiss"]
[EventRounds "9"]
[EventCountry "CZE"]
[SourceTitle "CB20_2025"]
[SourceDate "2025.05.14"]
[SourceVersion "1"]
[SourceVersionDate "2025.05.14"]
[SourceQuality "1"]

1. e4 e5 2. Nf3 Nc6 3. Bb5 a6 4. Ba4 Nf6 5. d3 b5 6. Bb3 Be7 7. c3 d6 8. Nbd2 Na5 9. Bc2 c5 10. Nf1 Nc6 11. Ng3 0-0 12. 0-0 Re8 13. h3 h6 14. Be3 d5 15. Qe2 Bf8 16. Rfd1 d4 17. Bd2 Be6 18. Nh4 c4 19. Nhf5 Qc7 20. Qf3 Nd7 21. Nh5 Bxf5 22. Qxf5 Re6 23. Qf3 Nc5 24. b4 Nxd3 25. Bxd3 cxd3 26. Qxd3 dxc3 27. Bxc3 Rd8 28. Qf3 Nxb4 29. Qg3 Nc6 30. Rdc1 Qe7 31. Qe3 Nd4 32. Ng3 b4 33. Bxd4 exd4 34. Qd3 g6 35. Rc4 Bg7 36. Rac1 h5 37. f3 a5 38. Ne2 Rb6 39. Nf4 Rbb8 40. Nd5 Qh4 41. Rc7 Be5 42. Ra7 Qg3 43. Qf1 d3 44. f4 Bd4+ 45. Kh1 Bxa7 0-1

[Event "Pardubice Czech op-E 35th"]
[Site "Pardubice"]
[Date "2024.07.14"]
[Round "6.2"]
[White "Lajbl, Jan"]
[Black "Cap, Adam"]
[Result "1/2-1/2"]
[WhiteElo "2222"]
[BlackElo "2262"]
[PlyCount "55"]
[EventDate "2024.07.11"]
[EventType "team-swiss"]
[EventRounds "7"]
[EventCountry "CZE"]
[SourceTitle "CBM 221 Extra"]
[Source "ChessBase"]
[SourceDate "2024.09.30"]
[SourceVersion "1"]
[SourceVersionDate "2024.09.30"]
[SourceQuality "1"]
[WhiteTeam "Turnov Zikuda II"]
[BlackTeam "Ministry of Cannabis"]
[WhiteTeamCountry "CZE"]
[BlackTeamCountry "CZE"]

1. e4 e5 2. Nf3 Nc6 3. Nc3 Nf6 4. a3 d6 5. h3 g6 6. d4 exd4 7. Nxd4 Bg7 8. Nxc6 bxc6 9. Bd3 0-0 10. 0-0 Nd7 11. Be3 Ne5 12. Be2 Be6 13. b3 Nf3+ 14. Bxf3 Bxc3 15. Rb1 Bd7 16. Qd3 Qf6 17. Be2 c5 18. f4 Bd4 19. Bxd4 Qxd4+ 20. Qxd4 cxd4 21. Rfd1 c5 22. c3 Bc6 23. cxd4 Bxe4 24. Bd3 Rfe8 25. dxc5 dxc5 26. Rbc1 Rab8 27. Bc4 Red8 28. a4 1/2-1/2

[Event "Prague Summer op 7th"]
[Site "Prague"]
[Date "2020.08.14"]
[Round "8"]
[White "Cap, Adam"]
[Black "Narr, Kevin"]
[Result "1-0"]
[WhiteElo "2278"]
[BlackElo "2110"]
[PlyCount "93"]
[EventDate "2020.08.08"]
[EventType "swiss"]
[EventRounds "9"]
[EventCountry "CZE"]
[SourceTitle "CBM 197 Extra"]
[Source "ChessBase"]
[SourceDate "2020.09.30"]
[SourceVersion "1"]
[SourceVersionDate "2020.09.30"]
[SourceQuality "1"]

1. e4 c5 2. Nf3 a6 3. c4 e6 4. Nc3 Qc7 5. d4 cxd4 6. Nxd4 Nf6 7. Be2 b6 8. 0-0 Bb7 9. Qd3 d6 10. f3 Nbd7 11. b3 Be7 12. Bb2 0-0 13. Rac1 Rac8 14. Kh1 Qb8 15. Qe3 Qa8 16. Bd3 Rfe8 17. Bb1 Bd8 18. Rce1 Nf8 19. Nde2 Ng6 20. Nf4 Bc6 21. a4 Bc7 22. Nce2 Nxf4 23. Nxf4 e5 24. Nd5 Nxd5 25. exd5 Bd7 26. f4 f6 27. Qd3 g6 28. Qg3 Re7 29. h4 Rg7 30. fxe5 fxe5 31. Bc1 Rf8 32. Bh6 Qe8 33. Bxg7 Kxg7 34. h5 Rxf1+ 35. Rxf1 b5 36. axb5 axb5 37. Be4 Bb6 38. Qg5 Bd8 39. Qe3 Qe7 40. Qg3 Qe8 41. Qf2 bxc4 42. bxc4 Bg4 43. Qa7+ Bd7 44. c5 dxc5 45. d6 g5 46. Bf5 Qxh5+ 47. Bh3 1-0

[Event "CZE-chT2B 1920"]
[Site "Czech Republic"]
[Date "2020.06.18"]
[Round "10.2"]
[White "Sprenar, Petr"]
[Black "Cap, Adam"]
[Result "1/2-1/2"]
[WhiteElo "2329"]
[BlackElo "2245"]
[PlyCount "55"]
[EventDate "2019.10.13"]
[EventType "team-tourn"]
[EventRounds "11"]
[EventCountry "CZE"]
[SourceTitle "EXT 2024"]
[Source "ChessBase"]
[SourceDate "2023.10.10"]
[SourceVersion "1"]
[SourceVersionDate "2023.10.10"]
[SourceQuality "1"]
[WhiteTeam "Karlovy Vary Tietz"]
[BlackTeam "Kladno"]
[WhiteTeamCountry "CZE"]
[BlackTeamCountry "CZE"]

1. d4 Nf6 2. c4 e6 3. Nc3 d5 4. cxd5 exd5 5. Bg5 c6 6. e3 Be7 7. Bd3 Nbd7 8. h3 0-0 9. Qc2 Re8 10. Nf3 h6 11. Bf4 Nf8 12. 0-0 Ne6 13. Bh2 Ng5 14. Ne5 Bd6 15. f4 Nge4 16. Rad1 Bf5 17. Rde1 Nxc3 18. Bxf5 Nxa2 19. g4 Nb4 20. Qg2 Ne4 21. g5 hxg5 22. Bxe4 dxe4 23. Qxe4 f6 24. Qg6 fxe5 25. fxe5 Bf8 26. Qf7+ Kh8 27. Qh5+ Kg8 28. Qf7+ 1/2-1/2

[Event "CZE-chT2B 1920"]
[Site "Czech Republic"]
[Date "2019.10.13"]
[Round "1.2"]
[White "Parizek, Vojtech"]
[Black "Cap, Adam"]
[Result "0-1"]
[WhiteElo "2195"]
[BlackElo "2245"]
[PlyCount "69"]
[EventDate "2019.10.13"]
[EventType "team-tourn"]
[EventRounds "11"]
[EventCountry "CZE"]
[SourceTitle "EXT 2024"]
[Source "ChessBase"]
[SourceDate "2023.10.10"]
[SourceVersion "1"]
[SourceVersionDate "2023.10.10"]
[SourceQuality "1"]
[WhiteTeam "Kobylisy"]
[BlackTeam "Kladno"]
[WhiteTeamCountry "CZE"]
[BlackTeamCountry "CZE"]

1. e4 e5 2. Nf3 Nc6 3. Bb5 a6 4. Ba4 Nf6 5. 0-0 b5 6. Bb3 Be7 7. Re1 d6 8. c3 0-0 9. h3 Nb8 10. d4 Nbd7 11. Nbd2 Bb7 12. Bc2 Re8 13. Nf1 Bf8 14. Ng3 g6 15. a4 Bg7 16. Bd3 c6 17. Be3 Qc7 18. Qd2 Rad8 19. Bg5 Nf8 20. axb5 axb5 21. Bh6 Ne6 22. Nf5 gxf5 23. exf5 Nf4 24. Bxf4 exf4 25. Qxf4 Rxe1+ 26. Rxe1 Re8 27. Rxe8+ Nxe8 28. Qe3 Nf6 29. g4 h6 30. Nd2 Kf8 31. f4 Nd5 32. Qg3 c5 33. dxc5 Qxc5+ 34. Kh2 Nxf4 35. Ne4 0-1

[Event "CZE-chT2B 1819"]
[Site "Czech Republic"]
[Date "2018.11.18"]
[Round "3.1"]
[White "Cap, Adam"]
[Black "Plischki, Sebastian"]
[Result "0-1"]
[WhiteElo "2248"]
[BlackElo "2419"]
[PlyCount "76"]
[EventDate "2018.10.14"]
[EventType "team-tourn"]
[EventRounds "11"]
[EventCountry "CZE"]
[SourceTitle "EXT 2022"]
[Source "ChessBase"]
[SourceDate "2021.10.06"]
[SourceVersion "1"]
[SourceVersionDate "2021.10.06"]
[SourceQuality "1"]
[WhiteTeam "Kladno"]
[BlackTeam "Praha Dopravni podnik II"]
[WhiteTeamCountry "CZE"]
[BlackTeamCountry "CZE"]

1. e4 e5 2. Nf3 Nc6 3. Bb5 a6 4. Ba4 Nf6 5. 0-0 Be7 6. Re1 b5 7. Bb3 d6 8. a4 Bd7 9. axb5 axb5 10. Rxa8 Qxa8 11. d4 0-0 12. Nc3 Nxd4 13. Nxd4 exd4 14. Nd5 Nxd5 15. Bxd5 c6 16. Bb3 c5 17. Bd5 Bc6 18. Qf3 Bf6 19. g4 Re8 20. Bxc6 Qxc6 21. g5 Be5 22. Qg4 g6 23. f4 Bg7 24. f5 Qd7 25. Kf1 d5 26. Qf3 dxe4 27. Rxe4 Rxe4 28. Qxe4 Qxf5+ 29. Qxf5 gxf5 30. b3 f6 31. gxf6 Bxf6 32. Bf4 Kf7 33. Bc7 Ke6 34. Bb6 Kd5 35. Ke2 c4 36. bxc4+ bxc4 37. Kf3 Bg5 38. h3 d3 0-1

[Event "CZE-chT2A 1718"]
[Site "Czech Republic"]
[Date "2018.01.28"]
[Round "7.1"]
[White "Cap, Adam"]
[Black "Slampa, Jan"]
[Result "1-0"]
[WhiteElo "2245"]
[BlackElo "2203"]
[PlyCount "75"]
[EventDate "2017.10.15"]
[EventType "team-tourn"]
[EventRounds "11"]
[EventCountry "CZE"]
[SourceTitle "EXT 2022"]
[Source "ChessBase"]
[SourceDate "2021.10.06"]
[SourceVersion "1"]
[SourceVersionDate "2021.10.06"]
[SourceQuality "1"]
[WhiteTeam "Kladno"]
[BlackTeam "Udlice"]
[WhiteTeamCountry "CZE"]
[BlackTeamCountry "CZE"]

1. c4 c6 2. Nf3 Nf6 3. b3 d5 4. Bb2 Bf5 5. d3 e6 6. g3 Be7 7. Bg2 0-0 8. 0-0 h6 9. Nbd2 Nbd7 10. Qe1 Rc8 11. h3 a6 12. Rc1 Qa5 13. a3 b5 14. Nd4 Qb6 15. Nxf5 exf5 16. cxd5 cxd5 17. e3 Bd6 18. Qe2 Rfe8 19. Rxc8 Rxc8 20. Nf3 Re8 21. Qc2 Nh5 22. Nd4 f4 23. gxf4 Bxf4 24. Qc6 Qxc6 25. Nxc6 Bd6 26. b4 Nhf6 27. Rc1 Kf8 28. Kf1 Ne5 29. Bxe5 Bxe5 30. Nxe5 Rxe5 31. Rc5 Re6 32. Bxd5 Rd6 33. Bb7 Rxd3 34. Bxa6 Rxa3 35. Bxb5 Ra1+ 36. Kg2 Ne4 37. Rc8+ Ke7 38. Re8+ 1-0

[Event "CZE-chT2A 1718"]
[Site "Czech Republic"]
[Date "2017.12.03"]
[Round "4.1"]
[White "Burdalev, Kirill"]
[Black "Cap, Adam"]
[Result "1-0"]
[WhiteElo "2354"]
[BlackElo "2245"]
[PlyCount "141"]
[EventDate "2017.10.15"]
[EventType "team-tourn"]
[EventRounds "11"]
[EventCountry "CZE"]
[SourceTitle "EXT 2022"]
[Source "ChessBase"]
[SourceDate "2021.10.06"]
[SourceVersion "1"]
[SourceVersionDate "2021.10.06"]
[SourceQuality "1"]
[WhiteTeam "Podborany"]
[BlackTeam "Kladno"]
[WhiteTeamCountry "CZE"]
[BlackTeamCountry "CZE"]

1. Nf3 Nf6 2. c4 e6 3. g3 d5 4. d4 Be7 5. Bg2 0-0 6. 0-0 dxc4 7. Qc2 a6 8. a4 Bd7 9. Rd1 Bc6 10. Nc3 Bxf3 11. Bxf3 Nc6 12. Bxc6 bxc6 13. a5 Qb8 14. Qa4 c5 15. Qxc4 cxd4 16. Rxd4 c5 17. Rd3 Qb4 18. Ra4 Qxc4 19. Rxc4 Rab8 20. Na4 Rb5 21. Bd2 Rfb8 22. e4 Kf8 23. Bc3 Ke8 24. Kf1 Nd7 25. f4 f6 26. Ke2 Rd8 27. f5 exf5 28. exf5 Ne5 29. Rxd8+ Kxd8 30. Rh4 h6 31. Nb6 Bd6 32. Kd1 Kc7 33. Nd5+ Kc6 34. Nf4 Nf3 35. Rg4 Bxf4 36. gxf4 Rb7 37. Rg3 Nd4 38. Re3 Rd7 39. Kc1 Nxf5 40. Re8 Kd5 41. Kc2 Rd6 42. Kd3 c4+ 43. Kc2 Re6 44. Rd8+ Ke4 45. Bd2 g5 46. fxg5 hxg5 47. Kc3 Rc6 48. Kb4 Nd4 49. Bc3 Nc2+ 50. Ka4 f5 51. Re8+ Kd3 52. Rd8+ Ke4 53. Re8+ Kf3 54. Re5 Kf4 55. Re8 g4 56. b4 cxb3 57. Kxb3 Rxc3+ 58. Kxc3 Ne3 59. Re6 Nf1 60. Rxa6 Nxh2 61. Rb6 g3 62. Rb2 Kf3 63. a6 g2 64. Rxg2 Kxg2 65. a7 f4 66. a8Q+ f3 67. Kd3 Ng4 68. Kd2 Kg3 69. Qb8+ Kg2 70. Qg8 Kg3 71. Qg5 1-0

[Event "CZE-chT2A 1718"]
[Site "Czech Republic"]
[Date "2017.11.19"]
[Round "3.1"]
[White "Neuman, Petr"]
[Black "Cap, Adam"]
[Result "1-0"]
[WhiteElo "2440"]
[BlackElo "2245"]
[PlyCount "35"]
[EventDate "2017.10.15"]
[EventType "team-tourn"]
[EventRounds "11"]
[EventCountry "CZE"]
[SourceTitle "EXT 2022"]
[Source "ChessBase"]
[SourceDate "2021.10.06"]
[SourceVersion "1"]
[SourceVersionDate "2021.10.06"]
[SourceQuality "1"]
[WhiteTeam "Kozolupy"]
[BlackTeam "Kladno"]
[WhiteTeamCountry "CZE"]
[BlackTeamCountry "CZE"]

1. c4 c5 2. g3 g6 3. h4 d5 4. cxd5 Qxd5 5. Nf3 Nc6 6. Nc3 Qd7 7. h5 gxh5 8. Bg2 Bg7 9. Rxh5 b6 10. d4 cxd4 11. Nb5 Bb7 12. Rd5 Qc8 13. Bf4 Nf6 14. Rg5 Bh6 15. Nc7+ Kf8 16. Nxa8 Bxg5 17. Bxg5 Qf5 18. Bh6+ 1-0

[Event "CZE-chT2A 1718"]
[Site "Czech Republic"]
[Date "2017.10.15"]
[Round "1.1"]
[White "Kourousis, Epaminondas"]
[Black "Cap, Adam"]
[Result "1-0"]
[WhiteElo "2418"]
[BlackElo "2245"]
[PlyCount "75"]
[EventDate "2017.10.15"]
[EventType "team-tourn"]
[EventRounds "11"]
[EventCountry "CZE"]
[SourceTitle "EXT 2022"]
[Source "ChessBase"]
[SourceDate "2021.10.06"]
[SourceVersion "1"]
[SourceVersionDate "2021.10.06"]
[SourceQuality "1"]
[WhiteTeam "Praha Smichov"]
[BlackTeam "Kladno"]
[WhiteTeamCountry "CZE"]
[BlackTeamCountry "CZE"]

1. d4 Nf6 2. Nf3 d5 3. c4 e6 4. g3 dxc4 5. Qa4+ Bd7 6. Qxc4 Bc6 7. Bg2 Be7 8. 0-0 0-0 9. Bg5 Nbd7 10. Nc3 Nb6 11. Qd3 a5 12. e4 a4 13. a3 Nfd7 14. Bxe7 Qxe7 15. Rfe1 Rfd8 16. Qc2 Nf8 17. Rad1 Be8 18. d5 Qc5 19. Rc1 Nc4 20. Na2 b5 21. Nd2 Qb6 22. Nxc4 bxc4 23. Nb4 Bb5 24. Bf1 c5 25. dxc6 Bxc6 26. Qxc4 Bb7 27. Qc5 Qxc5 28. Rxc5 Rd4 29. f3 Nd7 30. Rc7 Ne5 31. Be2 Rb8 32. Rd1 Rxd1+ 33. Bxd1 g5 34. Rc5 Rd8 35. Be2 Rd2 36. Rxe5 Rxe2 37. Rxg5+ Kf8 38. Rb5 1-0

[Event "CZE-chT2A 1617"]
[Site "Czech Republic"]
[Date "2017.04.02"]
[Round "11.1"]
[White "Cap, Adam"]
[Black "Orsag, Milan"]
[Result "1/2-1/2"]
[WhiteElo "2277"]
[BlackElo "2339"]
[PlyCount "54"]
[EventDate "2016.10.09"]
[EventType "team-tourn"]
[EventRounds "11"]
[EventCountry "CZE"]
[SourceTitle "EXT 2022"]
[Source "ChessBase"]
[SourceDate "2021.10.06"]
[SourceVersion "1"]
[SourceVersionDate "2021.10.06"]
[SourceQuality "1"]
[WhiteTeam "Kladno"]
[BlackTeam "Praha Dukla"]
[WhiteTeamCountry "CZE"]
[BlackTeamCountry "CZE"]

1. c4 e5 2. Nc3 c6 3. d4 d6 4. Nf3 Nd7 5. g3 Ngf6 6. Bg2 Be7 7. Qc2 0-0 8. 0-0 Re8 9. Rd1 Bf8 10. Bg5 Qc7 11. b4 h6 12. Bxf6 Nxf6 13. e3 Bg4 14. Rdc1 Qd7 15. d5 cxd5 16. Nxd5 Nxd5 17. cxd5 Rec8 18. Qb3 Be7 19. Nd2 Bd8 20. a4 Rxc1+ 21. Rxc1 Rc8 22. Rxc8 Qxc8 23. Qc4 Qd7 24. Bf3 Bh3 25. Bg2 Bg4 26. Bf3 Bh3 27. Bg2 Bg4 1/2-1/2